Moral Panic and the Prostitute in Partitioned Poland: Middle-Class Respectability in Defense of the Modern Nation

Titel: Moral Panic and the Prostitute in Partitioned Poland: Middle-Class Respectability in Defense of the Modern Nation
Verfasser:
In: Slavic review, Band 68, Heft 3 (2009), Seite 557-581
alle Artikel anzeigen
Veröffentlicht: 2009
Format: Aufsatz
Sprache: Englisch
Kein Bild verfügbar
X
alg: 39248487
001A    $01999:11-11-16 
001B    $03025:29-02-24 $t08:14:12.000 
001C    $06050:19-11-16 $t08:48:30.000 
001D    $01999:11-11-16 
001U    $0utf8 
001X    $00 
002@    $0Aox 
003@    $0392484870 
006N    $000627879 
007A    $0392484870 $aHEB 
007D    $asw090917 
007I    $0swets145310283 
007T    $0Herdc0056632m 
010@    $aeng 
011@    $a2009 
021A    $aMoral Panic and the Prostitute in Partitioned Poland: Middle-Class Respectability in Defense of the Modern Nation 
028A    $#Stauter-Halsted, Keely Diane $#Halsted, Keely Stauter- $7123246202 $8Stauter-Halsted, Keely$Z1960- [Tp1] $9154211478 
031A    $d68 $e3 $h557-581 $j2009 
039B    $aIn $8--Abvc--. Slavic review. - Cambridge : Cambridge University Press, 1961-. - ISSN 0037-6779 $x200900000680003443 $9047271809 
045F    $a900.943809033 $eDDC23BSB 
045F/01 $a900 
045F/03 $f09033 
045F/03 $f9034 
045F/03 $f09041 
045F/03 $g438 
045T    $a3,6 $a7,41 

lok: 39248487 78

exp: 39248487 78 1 #EPN
201B/01 $019-04-17 $t11:17:44.000 
201U/01 $0utf8 
203@/01 $0788582666 
208@/01 $a11-11-16 $be 
209A/01 $a/ $f000 $x00 
220C/01 $aTitelaufnehmer: rb 
220C/01 $aHerkunft: HI Marburg 
244Z/01 $2Trx $#Poola $#Lenkija $#Polija $#Polen Land $#Poland $#Lengyelország $#Poľsko $#Polsko $8--Trx--Polska$gkraj $x01 $9391345966 
244Z/01 $aGeschichte 1800-1918 $x02 
244Z/01 $2Trx $#prostitutsioon $#prostitucija $#prostitution $#prostitució $#prostytucja $#prostitúcia $#prostituce $8--Trx--Prostitution $x03 $9391372416 
244Z/01 $2Trx $#moraalsus $#moralė $#Morāle $#morality $#moralitás $#moralność $#morálka $#morálka $#Werte und Normen $8--Trx--Moral $x04 $9391358596 
244Z/01 $2Trx $#sotsiaalpoliitika $#socialinė politika $#social policies $#szociálpolitika $#polityka społeczna $#politika sociálna $#politika sociální $#Politik und Soziales $#Politik Sozialpolitik $#polityka socjalna $8--Trx--Sozialpolitik $x05 $9391377108 
244Z/01 $2Trx $8--Trx--Zeitschriftenaufsatz $x06 $9391384341 
245Z/01 $a06.03.04 $x01 
247C/01 $82080>Marburg/Lahn, Herder-Institut, Forschungsbibliothek, Bibliographieportal $9336309341
LEADER 00000caa a22000002c 4500
001 392484870
003 DE-603
005 20240229081412.0
007 tu
008 161111s2009 xx |||| | u00||u|eng c
035 |a (DE-599)HEB392484870 
035 |a (NL-LiSWE)00627879 
040 |a DE-603  |b ger  |c DE-603  |d DE-603 
041 |a eng 
082 0 4 |8 1\u  |a 900.943809033  |q DE-101  |2 23/BSB 
084 |a 3,6  |a 7,41  |2 ssgn 
085 |8 1\u  |b 900 
085 |8 1\u  |z 1  |s 09033 
085 |8 1\u  |z 1  |s 9034 
085 |8 1\u  |z 1  |s 09041 
085 |8 1\u  |z 2  |s 438 
100 1 |a Stauter-Halsted, Keely  |d 1960-  |0 (DE-603)154211478  |0 (DE-588)123246202  |2 gnd 
245 0 0 |a Moral Panic and the Prostitute in Partitioned Poland: Middle-Class Respectability in Defense of the Modern Nation 
264 0 |c 2009 
773 0 8 |i In  |t Slavic review  |d Cambridge : Cambridge University Press, 1961-  |x 0037-6779  |g Band 68, Heft 3 (2009), Seite 557-581  |w (DE-603)047271809  |w (DE-600)203404-9 
924 0 |9 2080  |a (DE-603)788582666  |b DE-2080  |c HES  |d d  |g /